=LDR 00000nam 2200000 4500 =001 INLIS000000000035148 =005 20130612141027 =008 ***********************************Ind** =035 ##$$0010-061300000035148 =041 ##$$a Ind =082 ##$$a 415 =090 ##$$a 415, Kri k.2 =100 ##$$a Kridalaksana =245 ##$$a Kelas Kata Dalam Bahasa Indonesia, oleh Kridalaksana =260 ##$$a 2005 $b Jakarta =300 ##$$a xi,176 hlm, 21 cm =650 ##$$a Bahasa =850 ##$$a NBPNMAT